Allgemeinwissen 2 - Statistiken

Allgemein
  • Dieses Quiz wurde 143 mal gespielt
  • Das Durchschnittsergebnis liegt bei 11 aus 15
Antwortstatistiken
Hint Antwort % Korrekt
Welches Land ist flächenmäßig das größte der Welt? Russland
100%
In welchem Land liegt diese ^ Stadt? Japan
93%
Wie heißt der längste Fluss der Welt? Amazonas
92%
Die Hauptstadt welches Landes ist Jerusalem? Israel
92%
Wer war der erste Bundeskanzler der Bundesrepublik Deutschland? Konrad Adenauer
91%
Welcher berühmte Physiker entwickelte die Relativitätstheorie? Albert Einstein
90%
Auf welchem Kontinent leben die wenigsten Menschen? Antarktica / Antarktis
90%
Was ist die Quadratwurzel von 144? 12
89%
Welche Stadt war Ziel der ersten Atombombe? Hiroshima
88%
Welcher Planet ist der Sonne am nächsten? Merkur
88%
Welche Sprache hat weltweit die meisten Muttersprachler? Mandarin / Chinesisch
86%
In welchem Land liegt dieser ^ Fluss? Brasilien
85%
Welcher mathematische Begriff beschreibt eine Kurve mitgleichbleibender Steigung? Gerade
31%
Welches Enzym spaltet Stärke im menschlichen Speichel? Amylase
9%
Welche physikalische Größe wird in "Lux" gemessen? Beleuchtungsstärke
6%
Keine übereinstimmenden Quizze gefunden
Verteilung der Resultate
Anzahl Personen mit jedem Resultat
Perzentil nach korrekt beantworteten Fragen
Ihre Resultats-Entwicklung
Sie haben dieses Quiz noch nicht gespielt